Light on the Yoga Sutras of Patanjali (Record no. 19316)

MARC details
000 -LEADER
fixed length control field 00469nam a22001697a 4500
003 - CONTROL NUMBER IDENTIFIER
control field OSt
005 - DATE AND TIME OF LATEST TRANSACTION
control field 20250109162242.0
008 - FIXED-LENGTH DATA ELEMENTS--GENERAL INFORMATION
fixed length control field 250109b |||||||| |||| 00| 0 eng d
020 ## - INTERNATIONAL STANDARD BOOK NUMBER
International Standard Book Number 9788172235420
040 ## - CATALOGING SOURCE
Original cataloging agency SRHU
Language of cataloging English
Transcribing agency Drolia Pustak Bhandar Haridwar
082 ## - DEWEY DECIMAL CLASSIFICATION NUMBER
Edition number 21st
245 ## - TITLE STATEMENT
Title Light on the Yoga Sutras of Patanjali
Statement of responsibility, etc. B K S Iyengar
250 ## - EDITION STATEMENT
Edition statement 21st
260 ## - PUBLICATION, DISTRIBUTION, ETC.
Place of publication, distribution, etc. London
Name of publisher, distributor, etc. element
Date of publication, distribution, etc. 2014
300 ## - PHYSICAL DESCRIPTION
Extent xx,339p
Dimensions 20cm
942 ## - ADDED ENTRY ELEMENTS (KOHA)
Source of classification or shelving scheme Dewey Decimal Classification
Koha item type Yoga Science
Edition 21st
Holdings
Withdrawn status Lost status Source of classification or shelving scheme Damaged status Not for loan Home library Current library Date acquired Cost, normal purchase price Total Checkouts Barcode Date last seen Price effective from Koha item type
    Dewey Decimal Classification     SRHU Library System SRHU Library System 09/01/2025 399.00   CL0023907 09/01/2025 09/01/2025 Yoga Science
    Dewey Decimal Classification     SRHU Library System SRHU Library System 18/01/2025     CL0023905 18/01/2025 18/01/2025 Yoga Science
    Dewey Decimal Classification     SRHU Library System SRHU Library System 18/01/2025     CL0023906 18/01/2025 18/01/2025 Yoga Science
    Dewey Decimal Classification     SRHU Library System SRHU Library System 18/01/2025     CL0023908 18/01/2025 18/01/2025 Yoga Science
Designed & Maintained by: SRHU Library System
Central Library, Contact: